• 首页
  • 本馆介绍
  • 公告通知
  • 最新文献
  • 馆藏检索
  • 电子资源
  • 读者导购
  • 参考咨询
  • 我的图书馆
  • 登录
  • 详细信息显示
  • 放入我的书架
  • 预约/预借图书
  • 作者相关作品
  • 分类相关作品
  • 丛书相关作品
  • 出版社相关作品

书目信息

  • 表格格式
  • 工作单格式
  • 卡片格式
题名:
那些美好女子教会你的事
    
 
作者: 拱瑞 编著
分册:  
出版信息: 北京   中国华侨出版社  2017
页数: 246页
开本: 21cm
丛书名:
单 册:
中图分类: K818.5
科图分类:
主题词: 女性--nv xing--名人--生平事迹--世界
电子资源:
ISBN: 978-7-5113-7026-6
000 00827nam0 2200217 450
001 2343794418
005 20231109162349.63
010    @a978-7-5113-7026-6@dCNY36.00
100    @a20171212d2017 em y0chiy50 ea
101 0  @achi
102    @aCN@b110000
105    @aa z 000yc
200 1  @a那些美好女子教会你的事@Ana xie mei hao nv zi jiao hui ni de shi@f拱瑞编著
210    @a北京@c中国华侨出版社@d2017
215    @a246页@c彩图@d21cm
330    @a本书讲述了国内外20多个传奇女性的人生历程, 如张幼仪、林徽因、孟小冬……这些女性的起点不同、身份各异, 人生的结局却往往出人意料, 她们在任何人生境遇下都能迸发出的生命能量, 即使有些人的躯体已经归于永恒的寂静。
606 0  @a女性@Anv xing@x名人@x生平事迹@y世界
690    @aK818.5@v5
701  0 @a拱瑞@Agong rui@4编著
801  0 @aCN@b山东中教@c20230928
905    @aBZT@dK818.5@e15
    
    那些美好女子教会你的事/拱瑞编著.-北京:中国华侨出版社,2017
    246页:彩图;21cm
    
    
    ISBN 978-7-5113-7026-6:CNY36.00
    本书讲述了国内外20多个传奇女性的人生历程, 如张幼仪、林徽因、孟小冬……这些女性的起点不同、身份各异, 人生的结局却往往出人意料, 她们在任何人生境遇下都能迸发出的生命能量, 即使有些人的躯体已经归于永恒的寂静。
●
相关链接 在五车中查询图书 在当当中查询图书 在豆瓣中查询图书


正题名:那些美好女子教会你的事     索取号:K818.5/15         预约/预借

序号 登录号 条形码 馆藏地/架位号 状态 备注
1 2000954627   2000954627   第四书库/四033架A面2层2列/ [索取号:K818.5/15] 在馆    
2 2000954628   2000954628   第四书库/四033架A面2层2列/ [索取号:K818.5/15] 在馆    
3 2000954629   2000954629   第四书库/四033架A面2层2列/ [索取号:K818.5/15] 在馆    
4 2000954630   2000954630   第四书库/四033架A面2层2列/ [索取号:K818.5/15] 在馆    
5 2000954631   2000954631   第四书库/四033架A面2层2列/ [索取号:K818.5/15] 在馆    
6 2000954632   2000954632   第四书库/四033架A面2层2列/ [索取号:K818.5/15] 在馆    
山东省滨州职业学院图书馆 欢迎您!
大连网信软件有限公司© 版权所有